[Event "Ostravský koník 2014 - MÈR"]
[Site "Ostrava, CZE"]
[Date "2014.04.26"]
[Round "1"]
[White "Navara, David"]
[Black "Olsar, Jaroslav"]
[Result "1-0"]
[WhiteElo "2706"]
[BlackElo "2267"]
[PlyCount "67"]

1. d4 d5 2. c4 c6 3. Nf3 Nf6 4. e3 Bf5 5. Nc3 e6 6. Nh4 Be4 7. f3 Bg6 8. Qb3
Qc7 9. g3 Be7 10. Bd2 Nbd7 11. cxd5 Nxd5 12. Nxg6 hxg6 13. O-O-O Nxc3 14. Bxc3
b5 15. Kb1 O-O 16. h4 a5 17. h5 g5 18. h6 b4 19. hxg7 Kxg7 20. Be1 Rh8 21. Rxh8
Rxh8 22. Qc2 Qd6 23. e4 Nb6 24. Rc1 Rh1 25. Qg2 Rh8 26. Bf2 a4 27. Be3 a3 28.
b3 Rd8 29. f4 f5 30. Bd3 g4 31. d5 fxe4 32. Qxe4 Nxd5 33. Qh7+ Kf8 34. Bg6 1-0

[Event "Ostravský koník 2014 - MÈR"]
[Site "Ostrava, CZE"]
[Date "2014.04.26"]
[Round "1"]
[White "Olsarova, Tereza"]
[Black "Hracek, Zbynek"]
[Result "0-1"]
[WhiteElo "2260"]
[BlackElo "2633"]
[PlyCount "110"]

1. e4 c5 2. Nf3 Nc6 3. d4 cxd4 4. Nxd4 Qb6 5. Nb3 Nf6 6. Nc3 e6 7. Be2 Be7 8.
O-O d6 9. Kh1 Qc7 10. f4 a6 11. Bf3 O-O 12. a4 b6 13. a5 b5 14. Qe1 Bb7 15. e5
dxe5 16. fxe5 Nd7 17. Bf4 Bb4 18. Qg3 Bxc3 19. bxc3 Ne7 20. Rad1 Rac8 21. Rd3
Bxf3 22. Rdxf3 Ng6 23. Re1 Qb7 24. Rd3 Rc4 25. Bc1 Rfc8 26. Red1 Ndf8 27. Ba3
h6 28. Nd2 Ra4 29. Bb4 Ra2 30. Rc1 Ne7 31. Nb3 Nd5 32. Bd6 Ng6 33. Nc5 Rxc5 34.
Bxc5 Rxa5 35. Rd4 Qc6 36. Bb4 Ra2 37. h4 a5 38. Bd6 Nxc3 39. Qf2 Nd5 40. h5 Nf8
41. Rf1 Qd7 42. Rg4 Nh7 43. Qg3 Ng5 44. Qb3 Ra4 45. Rxa4 bxa4 46. Qb8+ Kh7 47.
c4 Ne3 48. Qb1+ Kg8 49. Qb5 Qd8 50. Rc1 Kh7 51. Qb1+ Nf5 52. c5 Nf3 53. Qe4 Qg5
54. gxf3 Qxc1+ 55. Kh2 a3 0-1

[Event "Ostravský koník 2014 - MÈR"]
[Site "Ostrava, CZE"]
[Date "2014.04.26"]
[Round "1"]
[White "Rausis, Igors"]
[Black "Firt, Stanislav"]
[Result "1-0"]
[WhiteElo "2578"]
[BlackElo "2253"]
[PlyCount "57"]

1. d4 Nf6 2. Nf3 g6 3. g3 Bg7 4. Bg2 O-O 5. O-O d6 6. c4 Nbd7 7. Nc3 e5 8. b3
Re8 9. Qc2 c6 10. Rd1 Qe7 11. dxe5 dxe5 12. Ng5 Nf8 13. a4 Bf5 14. e4 Bg4 15.
Rd3 Rad8 16. h3 Rxd3 17. Qxd3 Rd8 18. Qe3 Bc8 19. Ba3 Qc7 20. Qxa7 Rd3 21. Bb4
h6 22. Nf3 Ne8 23. Ne1 Rd4 24. Ne2 Ne6 25. Nxd4 Nxd4 26. a5 Qd8 27. Rb1 Nc7 28.
Qb6 f5 29. a6 1-0

[Event "Ostravský koník 2014 - MÈR"]
[Site "Ostrava, CZE"]
[Date "2014.04.26"]
[Round "1"]
[White "Belunek, Vladimír"]
[Black "Babula, Vlastimil"]
[Result "0-1"]
[WhiteElo "2252"]
[BlackElo "2553"]
[PlyCount "70"]

1. d4 Nf6 2. Nf3 e6 3. c4 d5 4. Nc3 Bb4 5. Bg5 h6 6. Bxf6 Qxf6 7. cxd5 exd5 8.
Qb3 c5 9. e3 O-O 10. Be2 Nc6 11. O-O c4 12. Qa4 Rd8 13. Ne5 Bxc3 14. Nxc6 Qxc6
15. Qxc6 bxc6 16. bxc3 Rb8 17. e4 Rb2 18. Bf3 Be6 19. h3 Rdb8 20. a4 Rc2 21.
Rfc1 Rbb2 22. Rxc2 Rxc2 23. Ra3 Rc1+ 24. Kh2 a5 25. Kg3 g5 26. exd5 cxd5 27.
Bg4 f5 28. Bh5 f4+ 29. Kf3 Bf5 30. Ke2 Bd3+ 31. Kd2 Rf1 32. Bf3 Rxf2+ 33. Ke1
Rf1+ 34. Kd2 Be4 35. Ke2 Rc1 0-1

[Event "Ostravský koník 2014 - MÈR"]
[Site "Ostrava, CZE"]
[Date "2014.04.26"]
[Round "1"]
[White "Zilka, Stepan"]
[Black "Havlikova, Kristyna"]
[Result "1-0"]
[WhiteElo "2541"]
[BlackElo "2251"]
[PlyCount "67"]

1. d4 Nf6 2. c4 g6 3. Nc3 d5 4. cxd5 Nxd5 5. e4 Nxc3 6. bxc3 Bg7 7. Bc4 O-O 8.
Ne2 c5 9. O-O Nc6 10. Be3 b6 11. Rc1 Bb7 12. Qd2 Rc8 13. h4 h5 14. Rfd1 cxd4
15. cxd4 Na5 16. Bd3 Rxc1 17. Rxc1 e6 18. Bg5 Qa8 19. f3 Rc8 20. e5 Rxc1+ 21.
Qxc1 Nc6 22. a3 Qc8 23. Bf6 Qd7 24. Qf4 Ne7 25. Qg5 Nd5 26. Bxg7 Kxg7 27. Ng3
Qe7 28. Nxh5+ Kg8 29. Nf6+ Nxf6 30. exf6 Qd6 31. Bxg6 Qxd4+ 32. Kh2 Qd6+ 33.
Kh3 Qc5 34. Bh7+ 1-0

[Event "Ostravský koník 2014 - MÈR"]
[Site "Ostrava, CZE"]
[Date "2014.04.26"]
[Round "1"]
[White "Kulovana, Eva"]
[Black "Stocek, Jiri"]
[Result "1-0"]
[WhiteElo "2250"]
[BlackElo "2540"]
[PlyCount "73"]

1. e4 d6 2. d4 Nf6 3. Nc3 g6 4. Nf3 Bg7 5. Be2 a6 6. a4 b6 7. O-O e6 8. Re1 Bb7
9. Bf1 O-O 10. h3 Re8 11. Bg5 h6 12. Bh4 Nc6 13. Qd2 e5 14. dxe5 dxe5 15. Nd5
g5 16. Bg3 Nh5 17. Bh2 Nf4 18. Rad1 Ne7 19. c4 Rc8 20. Qc2 Nexd5 21. exd5 Qf6
22. Nd2 Rcd8 23. g3 Qg6 24. Qb3 Nh5 25. Bd3 Qd6 26. Bf5 Nf6 27. g4 Bf8 28. Nf3
Nd7 29. Bxd7 Rxd7 30. Rxe5 Red8 31. Rxg5+ hxg5 32. Bxd6 Rxd6 33. Nxg5 c6 34.
Qxb6 R8d7 35. Ne4 Rg6 36. d6 c5 37. Nxc5 1-0

[Event "Ostravský koník 2014 - MÈR"]
[Site "Ostrava, CZE"]
[Date "2014.04.26"]
[Round "1"]
[White "Petr, Martin"]
[Black "Vrana, Frantisek"]
[Result "1/2-1/2"]
[WhiteElo "2529"]
[BlackElo "2245"]
[PlyCount "113"]

1. Nf3 d5 2. g3 Nf6 3. Bg2 c6 4. O-O Bf5 5. c4 e6 6. d3 h6 7. Qb3 Qb6 8. Qc2
Nbd7 9. b3 Be7 10. Nc3 O-O 11. e4 dxe4 12. dxe4 Bh7 13. Be3 Qa5 14. a3 Ng4 15.
Bd2 Qh5 16. h3 Nge5 17. Nh2 f5 18. f4 Nf7 19. e5 g5 20. Qd1 Qxd1 21. Rfxd1 gxf4
22. gxf4 Rfd8 23. Be3 Bg6 24. Bf3 Nc5 25. b4 Ne4 26. Ne2 a5 27. c5 axb4 28.
axb4 Rxd1+ 29. Rxd1 Ra3 30. Rd7 Kf8 31. Nf1 Nd8 32. Rd4 Bh4 33. Kg2 Ke7 34. Nc1
Rc3 35. Nd3 Rc2+ 36. Kg1 Nc3 37. Bf2 Bxf2+ 38. Nxf2 Nd5 39. Nd3 Nc7 40. Ne3 Rc3
41. Be2 Nb5 42. Rc4 Bh5 43. Rxc3 Bxe2 44. Rb3 Nd4 45. Nc1 Nxb3 46. Nxb3 Nf7 47.
Kf2 Ba6 48. Kg3 Nh8 49. Na5 Ng6 50. Nec4 Kd7 51. Nd6 Ne7 52. Naxb7 Nd5 53. Na5
Nxb4 54. Nb3 Be2 55. Nc1 Bd1 56. Nc4 Ke7 57. Ne3 1/2-1/2

[Event "Ostravský koník 2014 - MÈR"]
[Site "Ostrava, CZE"]
[Date "2014.04.26"]
[Round "1"]
[White "Kuba, Jindrich"]
[Black "Cvek, Robert"]
[Result "1/2-1/2"]
[WhiteElo "2239"]
[BlackElo "2519"]
[PlyCount "145"]

1. e4 c5 2. Nf3 e6 3. d4 cxd4 4. Nxd4 Nc6 5. Nc3 Qc7 6. Ndb5 Qb8 7. g3 a6 8.
Nd4 Nf6 9. Bg2 Be7 10. O-O O-O 11. Re1 Rd8 12. Nf3 d6 13. Bg5 b5 14. a3 Bb7 15.
Qe2 h6 16. Be3 Qc7 17. Rad1 Rac8 18. Bc1 Nd7 19. Nb1 Na5 20. c3 Nb3 21. Nd4
Nxc1 22. Rxc1 Bf6 23. Rcd1 Nb6 24. Nd2 Bxd4 25. cxd4 Qc2 26. Nf1 Qxe2 27. Rxe2
Rc7 28. Ne3 Rdc8 29. d5 exd5 30. exd5 Rc1 31. Ree1 Rxd1 32. Rxd1 g6 33. h4 Nc4
34. Nxc4 Rxc4 35. Rd2 Rc1+ 36. Kh2 Kg7 37. f4 Bc8 38. Bf3 h5 39. Kg2 Bg4 40.
Be4 Re1 41. Bd3 Re3 42. Kf2 Rf3+ 43. Kg2 Kf6 44. a4 bxa4 45. Bxa6 Rb3 46. Kf2
Bf5 47. Bc4 Rb4 48. Bf1 Ke7 49. Be2 Kd8 50. Ke3 Rb3+ 51. Kf2 Kc7 52. Bd1 Rb4
53. Ke3 Kb6 54. Rd4 Kc5 55. Rxb4 Kxb4 56. Kd4 Bb1 57. Ke3 Ba2 58. Kd4 Bb1 59.
Ke3 f5 60. Kd4 Be4 61. Ke3 Bxd5 62. Kd4 Bb3 63. Bf3 Bf7 64. Bd1 Be6 65. Bf3 Bb3
66. Bc6 Bc2 67. Bd5 Be4 68. Bf7 Bc6 69. Kd3 Be4+ 70. Kd2 Bf3 71. Bxg6 Bg4 72.
Bf7 Bf3 73. Be6 1/2-1/2

[Event "Ostravský koník 2014 - MÈR"]
[Site "Ostrava, CZE"]
[Date "2014.04.26"]
[Round "1"]
[White "Krejci, Jan"]
[Black "Bartos, Jan"]
[Result "1-0"]
[WhiteElo "2518"]
[BlackElo "2232"]
[PlyCount "75"]

1. d4 d5 2. c4 c6 3. Nc3 Nf6 4. e3 Bf5 5. cxd5 cxd5 6. Qb3 Nc6 7. Qxb7 Bd7 8.
Qb3 Rb8 9. Qd1 e5 10. Nf3 Bd6 11. dxe5 Nxe5 12. Be2 Qc7 13. h3 O-O 14. O-O Rfd8
15. Nd4 Nc4 16. Qc2 Rdc8 17. Bd3 g6 18. Qe2 Bb4 19. Nb1 Ne4 20. b3 Ne5 21. Ba3
Bxa3 22. Nxa3 Qa5 23. Bxe4 dxe4 24. Nc4 Nxc4 25. bxc4 Qa6 26. Qc2 Rxc4 27. Qxe4
Rb2 28. Rfb1 Rxa2 29. Rxa2 Qxa2 30. Rb8+ Kg7 31. Qe5+ Kh6 32. Rg8 Rc1+ 33. Kh2
Qxf2 34. Qg7+ Kh5 35. Qxh7+ Kg5 36. Nf3+ Kf6 37. Qg7+ Ke6 38. Qe5# 1-0

[Event "Ostravský koník 2014 - MÈR"]
[Site "Ostrava, CZE"]
[Date "2014.04.26"]
[Round "1"]
[White "Folk, Petr"]
[Black "Oral, Tomas"]
[Result "0-1"]
[WhiteElo "2229"]
[BlackElo "2515"]
[PlyCount "80"]

1. e4 c5 2. Nf3 Nc6 3. d4 cxd4 4. Nxd4 Qc7 5. Nc3 e6 6. Be3 a6 7. Be2 Nf6 8.
O-O Be7 9. f4 d6 10. a4 O-O 11. Kh1 Re8 12. Bf3 Bf8 13. Nb3 Nd7 14. a5 b5 15.
axb6 Nxb6 16. Nb5 axb5 17. Bxb6 Qb8 18. Rxa8 Qxa8 19. e5 dxe5 20. fxe5 Bb7 21.
Qd7 Re7 22. Qd6 Re8 23. Qd7 Re7 24. Qd6 Na7 25. Qd2 Bxf3 26. Rxf3 Nc6 27. Qf4
Rd7 28. h3 Qa4 29. Qe3 Rd1+ 30. Kh2 Nxe5 31. Rf4 Bd6 32. g3 Qa8 33. Qe4 Qxe4
34. Rxe4 Nf3+ 35. Kg2 Ne1+ 36. Kf2 Nxc2 37. Re2 Nb4 38. Nd4 Nd5 39. Ba7 Rd3 40.
Nf5 Bc7 0-1

[Event "Ostravský koník 2014 - MÈR"]
[Site "Ostrava, CZE"]
[Date "2014.04.26"]
[Round "1"]
[White "Haba, Petr"]
[Black "Krajina, Ales"]
[Result "1-0"]
[WhiteElo "2498"]
[BlackElo "2228"]
[PlyCount "99"]

1. d4 d5 2. c4 c6 3. Nf3 Nf6 4. Nc3 Qb6 5. e3 Bg4 6. h3 Bxf3 7. Qxf3 e6 8. Be2
Nbd7 9. O-O Bb4 10. a3 Bxc3 11. bxc3 O-O 12. cxd5 cxd5 13. c4 Rac8 14. cxd5
exd5 15. Bd2 Rc7 16. Bd3 g6 17. Rfc1 Rfc8 18. Rxc7 Rxc7 19. Rb1 Qd6 20. Bb4 Qe6
21. Qf4 Rc8 22. Bd2 b6 23. f3 Nh5 24. Qh4 f5 25. g4 Ng7 26. Rc1 Rxc1+ 27. Bxc1
Nf6 28. Bd2 h5 29. gxf5 gxf5 30. Qf4 a5 31. Be1 Nfe8 32. Bh4 Qc8 33. Qe5 Qc1+
34. Kf2 Qd2+ 35. Be2 Qa2 36. Bd8 Qb3 37. a4 Kh7 38. h4 Kg6 39. Bb5 Qc2+ 40. Kg1
Qd1+ 41. Kg2 Qd2+ 42. Kh3 Kh7 43. Bxe8 Qe1 44. Kg2 Qe2+ 45. Kg3 f4+ 46. Kxf4
Qh2+ 47. Kg5 Qg2+ 48. Kf6 Qxf3+ 49. Ke7 Kg8 50. Bg6 1-0

[Event "Ostravský koník 2014 - MÈR"]
[Site "Ostrava, CZE"]
[Date "2014.04.26"]
[Round "1"]
[White "Toman, Jaroslav"]
[Black "Kislinsky, Alexey"]
[Result "0-1"]
[WhiteElo "2220"]
[BlackElo "2483"]
[PlyCount "68"]

1. e4 c5 2. Nf3 Nc6 3. d4 cxd4 4. Nxd4 g6 5. c4 Bg7 6. Be3 Qb6 7. Nxc6 Qxc6 8.
Qc2 Nf6 9. f3 d5 10. e5 Nd7 11. f4 Nb6 12. c5 Bf5 13. Qf2 d4 14. cxb6 dxe3 15.
Qxe3 O-O 16. Na3 f6 17. Rc1 Qxb6 18. Qxb6 axb6 19. Bc4+ Kh8 20. Bd5 fxe5 21.
fxe5 Ra5 22. Rd1 e6 23. Bf3 Rxe5+ 24. Kf2 Rc5 25. Rhe1 Bxb2 26. Re3 e5 27. Rb3
Bd4+ 28. Kg3 Ra5 29. Rd2 Be6 30. Rbd3 Bc5 31. Nc2 e4 32. Bxe4 Bf2+ 33. Rxf2
Rg5+ 34. Kh4 Rg4+ 0-1

[Event "Ostravský koník 2014 - MÈR"]
[Site "Ostrava, CZE"]
[Date "2014.04.26"]
[Round "1"]
[White "Simacek, Pavel"]
[Black "Nguyen, Thai Dai Van"]
[Result "1-0"]
[WhiteElo "2469"]
[BlackElo "2217"]
[PlyCount "65"]

1. e4 e6 2. d4 d5 3. Nd2 Nf6 4. e5 Nfd7 5. Bd3 c5 6. c3 Nc6 7. Ne2 cxd4 8. cxd4
f6 9. Nf4 Nxd4 10. Qh5+ Ke7 11. exf6+ Nxf6 12. Ng6+ hxg6 13. Qxh8 Kf7 14. Qh4
e5 15. Nf3 Nxf3+ 16. gxf3 Bf5 17. Bxf5 gxf5 18. Bg5 Qa5+ 19. Kf1 Be7 20. Kg2 d4
21. Rhd1 Re8 22. Kg1 Qd5 23. Rd3 Rc8 24. Rad1 Rc2 25. b3 a5 26. f4 Ng4 27. Qh5+
Ke6 28. Qe8 Nf6 29. Bxf6 gxf6 30. fxe5 fxe5 31. Rh3 Qd8 32. Rh6+ Kd5 33. Qb5+
1-0

[Event "Ostravský koník 2014 - MÈR"]
[Site "Ostrava, CZE"]
[Date "2014.04.26"]
[Round "1"]
[White "Frolik, Martin"]
[Black "Plát, Vojtech"]
[Result "1/2-1/2"]
[WhiteElo "2213"]
[BlackElo "2456"]
[PlyCount "128"]

1. d4 d6 2. Nf3 Bg4 3. c4 c6 4. Nc3 Nd7 5. e3 e5 6. Be2 Ngf6 7. Qc2 Be7 8. O-O
O-O 9. Rd1 Qc7 10. b3 Rfe8 11. Bb2 Nf8 12. dxe5 dxe5 13. Ne4 Ng6 14. Nxf6+ Bxf6
15. Rd2 Qc8 16. Rad1 e4 17. Ne1 Bxe2 18. Rxe2 Bxb2 19. Qxb2 Qg4 20. Red2 Ne5
21. Kh1 h5 22. Qc2 Qf5 23. f3 Ng4 24. Re2 Rad8 25. Rxd8 Rxd8 26. Qxe4 Qxe4 27.
fxe4 Rd1 28. Kg1 Nf6 29. e5 Ng4 30. h3 Nxe5 31. Kf2 a5 32. Rc2 a4 33. bxa4 Rb1
34. Nf3 Nd3+ 35. Kg3 Nc5 36. Nd4 Nxa4 37. Nb3 Nb6 38. Nc5 Nc8 39. Rd2 Ne7 40.
Rd8+ Kh7 41. e4 b6 42. Nd7 Rb4 43. Nf8+ Kh6 44. Rd7 Ng6 45. Nxg6 fxg6 46. Rb7
g5 47. Kf3 Kg6 48. Ke3 Kf6 49. g4 hxg4 50. hxg4 Rxc4 51. Rxb6 Ke5 52. Kd3 Rd4+
53. Kc3 Rd6 54. a4 Kxe4 55. a5 Rd1 56. a6 Ra1 57. Kc4 Kf4 58. Rxc6 Kxg4 59. Kb5
Kh5 60. Rc5 Kh4 61. Rc7 g6 62. Rc6 Kh5 63. Rc5 Kh4 64. Rc6 Kh5 1/2-1/2

[Event "Ostravský koník 2014 - MÈR"]
[Site "Ostrava, CZE"]
[Date "2014.04.26"]
[Round "1"]
[White "Rasik, Vitezslav"]
[Black "Machycek, Lubomir"]
[Result "1-0"]
[WhiteElo "2456"]
[BlackElo "2210"]
[PlyCount "95"]

1. e4 c6 2. Nf3 d5 3. Nc3 dxe4 4. Nxe4 Bf5 5. Ng3 Bg6 6. h4 h6 7. Ne5 Qd6 8.
Nxg6 Qxg6 9. d4 Qd6 10. Ne4 Qe6 11. Qe2 Nd7 12. Rh3 Ngf6 13. Nxf6+ Qxf6 14. Qe4
Qd6 15. Bf4 Nf6 16. Bxd6 Nxe4 17. Be5 e6 18. Rf3 f6 19. Bf4 g5 20. Bh2 Kf7 21.
Bd3 Nd6 22. O-O-O Rd8 23. h5 f5 24. Be5 Bg7 25. g4 Bxe5 26. dxe5 Nb5 27. gxf5
Nd4 28. f6 Nf5 29. Be4 Rxd1+ 30. Kxd1 Rd8+ 31. Rd3 Rxd3+ 32. Bxd3 Nd4 33. Bg6+
Kf8 34. Be4 Nb5 35. Kd2 Nc7 36. Ke3 Na8 37. f4 gxf4+ 38. Kxf4 Nb6 39. Bg6 Nd7
40. Ke4 Nc5+ 41. Kd4 Nd7 42. a4 c5+ 43. Kc4 b6 44. Kb5 Nxe5 45. Be4 Ke8 46. Ka6
Kd8 47. Kxa7 Kc7 48. b3 1-0

[Event "Ostravský koník 2014 - MÈR"]
[Site "Ostrava, CZE"]
[Date "2014.04.26"]
[Round "1"]
[White "Lys, Josef"]
[Black "Jansa, Vlastimil"]
[Result "0-1"]
[WhiteElo "2206"]
[BlackElo "2455"]
[PlyCount "130"]

1. d4 Nf6 2. Nf3 g6 3. c4 Bg7 4. Nc3 d5 5. g3 dxc4 6. Bg2 O-O 7. O-O c6 8. a4
a5 9. h3 Na6 10. e3 Bf5 11. Ne5 Nb4 12. e4 Be6 13. Be3 Nd7 14. Nf3 h6 15. Qe2
Nb8 16. Rad1 N8a6 17. Ne5 Nd3 18. Nxd3 cxd3 19. Qxd3 Qc8 20. Kh2 Rd8 21. Qe2
Bb3 22. Rd2 Nb4 23. Rc1 Qe6 24. h4 Bc4 25. Qd1 Bb3 26. Qe2 Qd7 27. d5 cxd5 28.
Nxd5 Nxd5 29. exd5 Qxa4 30. Bc5 e6 31. dxe6 Bxe6 32. Rxd8+ Rxd8 33. Bxb7 Rb8
34. Qa6 Qb3 35. Bg2 Qxb2 36. Re1 Qc3 37. Rxe6 Qxc5 38. Qd6 Qxd6 39. Rxd6 Rb2
40. f4 Bc3 41. h5 gxh5 42. Rxh6 h4 43. gxh4 Bd2 44. Kh3 Bxf4 45. Rh5 Rb3+ 46.
Kg4 Bc7 47. Bd5 Rb4+ 48. Kh3 Rf4 49. Rg5+ Kf8 50. Rg4 Rf5 51. Bc6 Bf4 52. Rg2
Rc5 53. Ba4 Rc4 54. Bb5 Rb4 55. Bc6 Ke7 56. Re2+ Kd6 57. Be8 f5 58. h5 Re4 59.
Rxe4 fxe4 60. Kg4 Bh6 61. Kg3 Kc5 62. Kf2 Kb4 63. Bc6 e3+ 64. Ke2 a4 65. Kd3
Kb3 0-1

[Event "Ostravský koník 2014 - MÈR"]
[Site "Ostrava, CZE"]
[Date "2014.04.26"]
[Round "1"]
[White "Kociscak, Jiri"]
[Black "Jedlicka, Ales"]
[Result "1-0"]
[WhiteElo "2434"]
[BlackElo "2199"]
[PlyCount "109"]

1. d4 Nf6 2. c4 e6 3. Nc3 Bb4 4. Qc2 c5 5. dxc5 O-O 6. Nf3 Na6 7. a3 Bxc3+ 8.
Qxc3 Nxc5 9. b4 Nce4 10. Qd4 d6 11. Ng5 e5 12. Qd3 Nxg5 13. Bxg5 a5 14. b5 Be6
15. e4 Rc8 16. Rc1 h6 17. Bh4 a4 18. f3 Qa5+ 19. Qd2 Qxd2+ 20. Kxd2 g5 21. Bf2
Nd7 22. Kc3 f5 23. exf5 Bxf5 24. Rd1 Rf6 25. Be2 Nc5 26. Be3 e4 27. Rd5 exf3
28. Bxf3 g4 29. Rxf5 Rxf5 30. Bxg4 Re8 31. Bxf5 Rxe3+ 32. Kd4 Re2 33. g4 Ra2
34. Rd1 Rxa3 35. Kd5 Rc3 36. Kxd6 Nb3 37. Ke6 Rxc4 38. Rd8+ Kg7 39. Rd7+ Kf8
40. Kf6 Rd4 41. Rh7 Rd6+ 42. Be6 Rxe6+ 43. Kxe6 Kg8 44. Rxh6 a3 45. Rg6+ Kf8
46. Rf6+ Kg7 47. Rf2 Kg6 48. Ra2 Nd4+ 49. Kd5 Nxb5 50. Kc5 Nc3 51. Rxa3 Ne4+
52. Kb6 Kg5 53. h3 Kh4 54. Kxb7 Ng5 55. Kc6 1-0

[Event "Ostravský koník 2014 - MÈR"]
[Site "Ostrava, CZE"]
[Date "2014.04.26"]
[Round "1"]
[White "Soural, Jan"]
[Black "Vokac, Marek"]
[Result "0-1"]
[WhiteElo "2194"]
[BlackElo "2422"]
[PlyCount "78"]

1. d4 g6 2. e4 Bg7 3. Be3 c5 4. Nc3 Qa5 5. Nf3 Nf6 6. Qd2 cxd4 7. Nxd4 Nc6 8.
Be2 O-O 9. Nb3 Qd8 10. O-O-O d6 11. Bh6 Be6 12. h4 Bxb3 13. cxb3 Qa5 14. Kb1
Rac8 15. h5 Bxh6 16. Qxh6 g5 17. Rd5 Nxd5 18. exd5 Ne5 19. Qxg5+ Kh8 20. Qxe7
Qd8 21. Qxb7 Qg5 22. Qxa7 Qxg2 23. Rd1 Rxc3 24. bxc3 Qe4+ 25. Ka1 Qxe2 26. Qd4
Rg8 27. h6 Rg6 28. Rd2 Qf3 29. a4 Rxh6 30. a5 Rh1+ 31. Kb2 Re1 32. a6 Qh1 33.
a7 Ra1 34. Rd1 Rxd1 35. a8=Q+ Kg7 36. Qd8 Rxd4 37. cxd4 Ng6 38. Qxd6 h5 39. f4
Qe4 0-1

[Event "Ostravský koník 2014 - MÈR"]
[Site "Ostrava, CZE"]
[Date "2014.04.26"]
[Round "1"]
[White "Blatny, Pavel"]
[Black "Sikora, Jan"]
[Result "0-1"]
[WhiteElo "2418"]
[BlackElo "2188"]
[PlyCount "80"]

1. d4 c5 2. e3 Nf6 3. Nf3 b6 4. b3 Bb7 5. Bb2 e6 6. Nbd2 Be7 7. Bd3 d6 8. Qe2
O-O 9. Ng5 cxd4 10. exd4 Nbd7 11. O-O-O h6 12. h4 Nd5 13. Bh7+ Kh8 14. Be4 Bxg5
15. hxg5 Qxg5 16. c4 Nf4 17. Qe3 d5 18. g3 Ne2+ 19. Qxe2 dxe4 20. Rh5 Qg6 21.
d5 f5 22. g4 Nf6 23. Bxf6 Qxf6 24. g5 Qc3+ 25. Kb1 exd5 26. Rg1 dxc4 27. Nxc4
e3 28. f3 Rad8 29. Rh2 f4 30. gxh6 g6 31. Rc1 Qf6 32. Rh3 b5 33. Nxe3 fxe3 34.
Qxe3 Bxf3 35. Rg3 Rde8 36. Qc3 Be4+ 37. Kb2 b4 38. Qxf6+ Rxf6 39. Re3 a5 40.
Rce1 Rfe6 0-1

[Event "Ostravský koník 2014 - MÈR"]
[Site "Ostrava, CZE"]
[Date "2014.04.26"]
[Round "1"]
[White "Novosadova, Kristyna"]
[Black "Biolek, Richard"]
[Result "0-1"]
[WhiteElo "2187"]
[BlackElo "2418"]
[PlyCount "60"]

1. e4 Nc6 2. Nf3 e5 3. Bb5 a6 4. Ba4 Nf6 5. O-O Bc5 6. c3 b5 7. Bb3 d6 8. d4
Bb6 9. h3 O-O 10. a4 Rb8 11. axb5 axb5 12. Na3 b4 13. Nc4 bxc3 14. bxc3 exd4
15. Nxb6 Rxb6 16. cxd4 Nxe4 17. d5 Ne5 18. Nd4 Qh4 19. Be3 Rb4 20. f3 Nc3 21.
Qd2 Rxd4 22. Qxc3 Rd3 23. Qxc7 Bxh3 24. Qb6 Qg3 25. Ra2 Nd7 26. Qa7 Rxb3 27.
Kh1 Ne5 28. gxh3 Qxh3+ 29. Kg1 Nxf3+ 30. Kf2 Nh2 0-1

[Event "Ostravský koník 2014 - MÈR"]
[Site "Ostrava, CZE"]
[Date "2014.04.26"]
[Round "1"]
[White "Kanovsky, David"]
[Black "Folkova, Martina"]
[Result "1-0"]
[WhiteElo "2416"]
[BlackElo "2179"]
[PlyCount "77"]

1. e4 e5 2. Nf3 Nc6 3. Bb5 Nge7 4. O-O g6 5. c3 Bg7 6. d4 exd4 7. cxd4 d5 8.
exd5 Nxd5 9. Re1+ Be6 10. Bg5 Qd6 11. Nbd2 O-O 12. Nc4 Qb4 13. Bxc6 Qxc4 14.
Bxb7 Rab8 15. b3 Qb5 16. Bxd5 Bxd5 17. Be3 Rfd8 18. Rc1 Qa5 19. Qd2 Qa6 20.
Rxc7 Bxf3 21. gxf3 Rb5 22. Qe2 Qb6 23. Rc5 Rb4 24. d5 Qb8 25. Bg5 Rf8 26. Be7
Re8 27. d6 Rb7 28. Qc4 Rd7 29. Rc1 Rxd6 30. Bxd6 Qxd6 31. Rc8 Rxc8 32. Qxc8+
Bf8 33. Re1 h5 34. Re8 Kg7 35. Kg2 Be7 36. Rg8+ Kh6 37. Rh8+ Kg7 38. Qg8+ Kf6
39. Rh7 1-0

[Event "Ostravský koník 2014 - MÈR"]
[Site "Ostrava, CZE"]
[Date "2014.04.26"]
[Round "1"]
[White "Vybiral, Zdenek"]
[Black "Konopka, Michal"]
[Result "0-1"]
[WhiteElo "2167"]
[BlackElo "2408"]
[PlyCount "111"]

1. c4 Nf6 2. Nf3 g6 3. b3 Bg7 4. Bb2 O-O 5. g3 c6 6. Bg2 d5 7. O-O a5 8. d3 Bg4
9. Nbd2 Nbd7 10. Qc2 e6 11. Rfe1 Bxf3 12. Nxf3 Ne8 13. Bxg7 Kxg7 14. e4 dxe4
15. dxe4 e5 16. Rad1 Qe7 17. Qc3 f6 18. Bh3 Nc5 19. a3 Nc7 20. b4 axb4 21. axb4
N5e6 22. Rd2 Rad8 23. Red1 Rxd2 24. Rxd2 Rd8 25. Bxe6 Nxe6 26. c5 Rd7 27. Kf1
Qd8 28. Rxd7+ Qxd7 29. Ke2 Kf7 30. Qd3 Qc7 31. Qe3 Ke8 32. h4 Qd8 33. Qd3 Qa8
34. Qd6 Qa6+ 35. Ke3 Qc4 36. h5 gxh5 37. Qb8+ Nd8 38. Qd6 Qb3+ 39. Ke2 Qxb4 40.
Qxf6 Qxe4+ 41. Kf1 Qc4+ 42. Kg1 Qxc5 43. Nxe5 Qf8 44. Qg5 Nf7 45. Qxh5 Qg7 46.
Nc4 Qa1+ 47. Kg2 Qd4 48. Ne3 Qe4+ 49. Kh2 Qg6 50. Qc5 Nd6 51. g4 Kd7 52. f3 Qf6
53. Kg3 Qe7 54. Qd4 c5 55. Qd5 Qxe3 56. Qd1 0-1

[Event "Ostravský koník 2014 - MÈR"]
[Site "Ostrava, CZE"]
[Date "2014.04.26"]
[Round "1"]
[White "Voloshin, Leonid"]
[Black "Szotkowski, Jakub"]
[Result "1/2-1/2"]
[WhiteElo "2391"]
[BlackElo "2161"]
[PlyCount "126"]

1. Nf3 Nf6 2. c4 c5 3. g3 b6 4. Bg2 Bb7 5. O-O e6 6. Nc3 Be7 7. d4 cxd4 8. Nxd4
Bxg2 9. Kxg2 O-O 10. e4 Nc6 11. b3 a6 12. Bb2 Qc7 13. Rc1 Qb7 14. Nxc6 dxc6 15.
e5 c5+ 16. Qf3 Qxf3+ 17. Kxf3 Nd7 18. Ne4 Rad8 19. Ke2 Nb8 20. Rfd1 Nc6 21. Bc3
b5 22. Rxd8 Rxd8 23. Rd1 Rxd1 24. Kxd1 b4 25. Bb2 Kf8 26. f4 h5 27. Ke2 Ke8 28.
h3 Kd7 29. Kd3 g6 30. Nf2 Nd8 31. Ke4 Kc6 32. Nd3 Nb7 33. Bc1 Nd8 34. Be3 Bf8
35. g4 hxg4 36. hxg4 Be7 37. Bf2 Nb7 38. f5 gxf5+ 39. gxf5 Bg5 40. f6 a5 41.
Kf3 Bd2 42. Kg4 a4 43. Kf3 axb3 44. axb3 Bh6 45. Ke2 Bg5 46. Kd1 Bh6 47. Kc2
Bg5 48. Kb2 Bd2 49. Kc2 Bg5 50. Kd1 Bh6 51. Ke2 Bg5 52. Kf3 Bh6 53. Ke4 Bd2 54.
Kf3 Bh6 55. Kg4 Bd2 56. Kf3 Bh6 57. Kg4 Bd2 58. Kh5 Kb6 59. Kg4 Kc6 60. Kf3 Bh6
61. Ke4 Bd2 62. Kf3 Bh6 63. Ke4 Bd2 1/2-1/2

[Event "Ostravský koník 2014 - MÈR"]
[Site "Ostrava, CZE"]
[Date "2014.04.26"]
[Round "1"]
[White "Šindler, Michal"]
[Black "Zwardoò, Vojtìch"]
[Result "0-1"]
[WhiteElo "2157"]
[BlackElo "2391"]
[PlyCount "84"]

1. e4 c5 2. Nf3 g6 3. d4 cxd4 4. Nxd4 Nc6 5. c4 Nf6 6. Nc3 d6 7. Be2 Nxd4 8.
Qxd4 Bg7 9. b3 O-O 10. Bb2 Qa5 11. O-O Be6 12. Rfc1 Rfc8 13. Rc2 Nxe4 14. Qxe4
Bf5 15. Qd5 Qxd5 16. Nxd5 Bxc2 17. Nxe7+ Kf8 18. Bxg7+ Kxe7 19. Bf3 Rc7 20. g4
f5 21. Re1+ Kd7 22. Bd4 Re8 23. Rxe8 Kxe8 24. Bxa7 Be4 25. Bxe4 fxe4 26. Be3
Kd7 27. a4 Ke6 28. Kg2 d5 29. cxd5+ Kxd5 30. a5 Rc3 31. b4 Kc4 32. Bc5 Rb3 33.
f4 exf3+ 34. Kf2 Kd5 35. h4 Ke4 36. Kg3 Rb2 37. Bf8 Rg2+ 38. Kh3 Rxg4 39. Bc5
Rg2 40. b5 Ra2 41. a6 bxa6 42. b6 Rb2 0-1

[Event "Ostravský koník 2014 - MÈR"]
[Site "Ostrava, CZE"]
[Date "2014.04.26"]
[Round "1"]
[White "Studnièka, Tomáš"]
[Black "Veselý, Martin"]
[Result "1-0"]
[WhiteElo "2374"]
[BlackElo "2156"]
[PlyCount "73"]

1. d4 Nf6 2. c4 c5 3. d5 e6 4. Nc3 exd5 5. cxd5 d6 6. Nf3 g6 7. Bf4 Bg7 8. Qa4+
Bd7 9. Qb3 Qc7 10. Nd2 O-O 11. Nc4 Ne8 12. a4 Na6 13. Ne4 Be5 14. Nxe5 dxe5 15.
Bh6 Ng7 16. e3 Qa5+ 17. Qc3 Qxc3+ 18. bxc3 f5 19. Nd6 Rfb8 20. Nc4 Re8 21. Rb1
b6 22. Nd6 Nc7 23. Bxg7 Kxg7 24. Nxe8+ Bxe8 25. d6 Nd5 26. Rd1 Bc6 27. Bb5 Bb7
28. Kd2 Rd8 29. Kc2 Kf6 30. Rd2 Rxd6 31. Rhd1 e4 32. Kb3 Rd8 33. c4 a6 34. Bxa6
Bxa6 35. Rxd5 Rb8 36. Rd6+ Kg5 37. Rc6 1-0